00205nam a2200085Ia 4500008004100000041000800041100001500049245002400064260003100088231212s2000 xx 000 0 und d aeng aSedha R.S. aApplied Electronics aNew DelhibJohn Wilyc2000